000 01274nam a22003017a 4500
003 BDCtgAUW
005 20260331144347.0
008 070810s2008 njuab b 001 0 eng
010 _a 2007033352
020 _a9780471704119
035 _a14961507
040 _cBDCtgAUW
_dBDCtgAUW
_bBDCtgAUW
050 0 0 _aGE105.K45
100 1 0 _aKeller, Edward A.
_eauthor
_925246
245 1 0 _aEssential environmental science /
260 _aHoboken, NJ :
_bJohn Wiley,
_cc2008.
300 _axxvi, 454 p. :
_bill. (chiefly col.), col. maps ;
_c28 cm.
504 _aIncludes bibliographical references (p. 417-432) and index.
650 0 _aEnvironmental sciences.
700 1 _aBotkin, Daniel B.
_991257
856 4 2 _3Publisher description
_uhttp://www.loc.gov/catdir/enhancements/fy0740/2007033352-d.html
856 4 1 _3Table of contents only
_uhttp://www.loc.gov/catdir/enhancements/fy0740/2007033352-t.html
856 4 2 _3Contributor biographical information
_uhttp://www.loc.gov/catdir/enhancements/fy0829/2007033352-b.html
887 _28
_aPapia Akter
942 _2lcc
_cBK
_n0
999 _c16342
_d16342
888 _28